[Event "Oberliga NRW 1011"]
[Site "Germany"]
[Date "2011.02.20"]
[Round "7.7"]
[White "Winkels, Marcel"]
[Black "Kleff, Andre"]
[Result "0-1"]
[WhiteElo "2058"]
[BlackElo "2166"]
[PlyCount "72"]
[EventDate "2010.09.26"]
[EventType "team-tourn"]
[EventRounds "9"]
[EventCountry "GER"]
[SourceTitle "EXT 2012"]
[Source "ChessBase"]
[SourceDate "2011.11.24"]
[SourceVersion "1"]
[SourceVersionDate "2011.11.24"]
[SourceQuality "1"]
[WhiteTeam "Muelheim Nord II"]
[BlackTeam "Duisburg"]
[WhiteTeamCountry "GER"]
[BlackTeamCountry "GER"]

1. e4 g6 2. d4 Bg7 3. Nc3 c6 4. f4 d5 5. e5 Nh6 6. Be3 f6 7. Be2 a6 8. Nf3 Bg4 9. 0-0 Nf5 10. Bf2 0-0 11. h3 Bxf3 12. Bxf3 fxe5 13. fxe5 e6 14. g4 Nh4 15. Bh1 Nd7 16. Nb1 Bh6 17. Nd2 Rxf2 18. Rxf2 Be3 19. Nf1 Bxf2+ 20. Kxf2 Qe7 21. Kg3 g5 22. Qd2 Rf8 23. Nh2 c5 24. c3 cxd4 25. cxd4 Nb8 26. Rf1 h6 27. Rxf8+ Qxf8 28. Bf3 Nc6 29. a3 Qd8 30. Kf2 Qb6 31. Ke3 Nxe5 32. Be2 Nc6 33. Nf3 Qc7 34. Kf2 Nxf3 35. Bxf3 Qg7 36. Ke3 Qf6 0-1

[Event "Oberliga NRW 0910"]
[Site "Germany"]
[Date "2009.12.20"]
[Round "4.6"]
[White "Kleff, Andre"]
[Black "Huelsmann, Josef"]
[Result "1/2-1/2"]
[WhiteElo "2160"]
[BlackElo "2225"]
[PlyCount "35"]
[EventDate "2009.09.20"]
[EventType "team-tourn"]
[EventRounds "9"]
[EventCountry "GER"]
[SourceTitle "EXT 2011"]
[Source "ChessBase"]
[SourceDate "2010.11.26"]
[SourceVersion "1"]
[SourceVersionDate "2010.11.26"]
[SourceQuality "1"]
[WhiteTeam "Duisburg PSV"]
[BlackTeam "Monheim"]
[WhiteTeamCountry "GER"]
[BlackTeamCountry "GER"]

1. d4 e6 2. Nf3 d5 3. e3 f5 4. Ne5 Nf6 5. Bd3 Nbd7 6. Nxd7 Bxd7 7. b3 Bd6 8. c4 0-0 9. c5 Be7 10. Bb2 Qe8 11. Qe2 Kh8 12. Nd2 Ne4 13. Nf3 Bf6 14. h3 a6 15. a4 Qh5 16. 0-0-0 b6 17. cxb6 cxb6 18. Kb1 1/2-1/2

[Event "Oberliga NRW 0809"]
[Site "Germany"]
[Date "2008.10.12"]
[Round "2.8"]
[White "Kleff, Andre"]
[Black "Hemmann, Arnold"]
[Result "1/2-1/2"]
[WhiteElo "2155"]
[BlackElo "2154"]
[PlyCount "46"]
[EventDate "2008.09.21"]
[EventType "team-tourn"]
[EventRounds "9"]
[EventCountry "GER"]
[SourceTitle "EXT 2010"]
[Source "ChessBase"]
[SourceDate "2010.11.25"]
[SourceVersion "1"]
[SourceVersionDate "2010.11.25"]
[SourceQuality "1"]
[WhiteTeam "Duisburg"]
[BlackTeam "Godesberg II"]
[WhiteTeamCountry "GER"]
[BlackTeamCountry "GER"]

1. d4 Nf6 2. Nf3 e6 3. e3 b6 4. Nbd2 Bb7 5. Bd3 c5 6. 0-0 d6 7. c3 Be7 8. b4 cxb4 9. cxb4 0-0 10. Qb3 Nbd7 11. Bb2 Qb8 12. Rfc1 a5 13. a3 Bd5 14. Qc2 Rc8 15. Qxc8+ Qxc8 16. Rxc8+ Rxc8 17. e4 Bb7 18. b5 g6 19. h3 Nh5 20. Rc1 Rxc1+ 21. Bxc1 Nhf6 22. Ne1 Ne8 23. f3 Bf6 1/2-1/2

[Event "BL2-West 0001"]
[Site "Germany"]
[Date "2001.04.29"]
[Round "9.7"]
[White "Kleff, Andre"]
[Black "Sukharisingh, Ralf"]
[Result "1/2-1/2"]
[WhiteElo "2145"]
[BlackElo "2319"]
[PlyCount "88"]
[EventDate "2000.10.15"]
[EventType "team-tourn"]
[EventRounds "9"]
[EventCountry "GER"]
[SourceTitle "CBM 082 Extra"]
[Source "ChessBase"]
[SourceDate "2001.07.03"]
[SourceVersion "1"]
[SourceVersionDate "2001.07.03"]
[SourceQuality "1"]
[WhiteTeam "Duisburg"]
[BlackTeam "Heiligenhaus"]
[WhiteTeamCountry "GER"]
[BlackTeamCountry "GER"]

1. c4 g6 2. g3 Bg7 3. Bg2 Nf6 4. Nc3 0-0 5. e4 d6 6. Nge2 c5 7. 0-0 Nc6 8. Rb1 Bd7 9. a3 a5 10. d3 e5 11. Bd2 Nd4 12. b4 axb4 13. axb4 b6 14. Bg5 h6 15. Bxf6 Bxf6 16. Nxd4 cxd4 17. Nd5 b5 18. Ra1 Bg7 19. Rxa8 Qxa8 20. Nb6 Qd8 21. Nxd7 Qxd7 22. Qb3 bxc4 23. dxc4 h5 24. b5 Rb8 25. Ra1 Bf6 26. Ra6 Bd8 27. Qa3 Bb6 28. Ra8 Rxa8 29. Qxa8+ Kg7 30. Qc6 Qd8 31. Bf3 Bc5 32. Qa6 Qg5 33. Qa1 Qd2 34. Qd1 Qb2 35. Qd3 Kf8 36. Kg2 Ke7 37. h4 Kd7 38. Be2 Kc7 39. Qf3 Kb6 40. Bf1 Qc2 41. Bd3 Qc3 42. Qd1 Bb4 43. Qf3 Bc5 44. Qd1 Bb4 1/2-1/2

[Event "BL2-West 0001"]
[Site "Germany"]
[Date "2001.03.11"]
[Round "7.7"]
[White "Kleff, Andre"]
[Black "Van Wessel, Rudy"]
[Result "1/2-1/2"]
[WhiteElo "2145"]
[BlackElo "2309"]
[PlyCount "41"]
[EventDate "2000.10.15"]
[EventType "team-tourn"]
[EventRounds "9"]
[EventCountry "GER"]
[SourceTitle "CBM 082 Extra"]
[Source "ChessBase"]
[SourceDate "2001.07.03"]
[SourceVersion "1"]
[SourceVersionDate "2001.07.03"]
[SourceQuality "1"]
[WhiteTeam "Duisburg"]
[BlackTeam "Koeln Porz II"]
[WhiteTeamCountry "GER"]
[BlackTeamCountry "GER"]

1. c4 e6 2. g3 d5 3. Bg2 c5 4. Nf3 Nc6 5. 0-0 Nf6 6. cxd5 exd5 7. d4 Be7 8. dxc5 Bxc5 9. Bg5 Be6 10. Nc3 d4 11. Ne4 Be7 12. Nxf6+ Bxf6 13. Bxf6 Qxf6 14. Qa4 0-0 15. Rfd1 a6 16. Rd2 Rad8 17. Rad1 g5 18. b3 Rd5 19. Qa3 Rfd8 20. Qb2 Kg7 21. Ne1 1/2-1/2

[Event "BL2-West 0001"]
[Site "Germany"]
[Date "2001.02.18"]
[Round "6.7"]
[White "Wessendorf, Thomas"]
[Black "Kleff, Andre"]
[Result "1-0"]
[WhiteElo "2307"]
[BlackElo "2145"]
[PlyCount "77"]
[EventDate "2000.10.15"]
[EventType "team-tourn"]
[EventRounds "9"]
[EventCountry "GER"]
[SourceTitle "CBM 082 Extra"]
[Source "ChessBase"]
[SourceDate "2001.07.03"]
[SourceVersion "1"]
[SourceVersionDate "2001.07.03"]
[SourceQuality "1"]
[WhiteTeam "Katernberg"]
[BlackTeam "Duisburg"]
[WhiteTeamCountry "GER"]
[BlackTeamCountry "GER"]

1. e4 d5 2. exd5 Nf6 3. c4 c6 4. d4 cxd5 5. Nc3 g6 6. cxd5 Bg7 7. Nf3 0-0 8. Bc4 Nbd7 9. d6 exd6 10. 0-0 Nb6 11. Bb3 h6 12. a4 a5 13. Bf4 g5 14. Bg3 Bf5 15. h4 Ne4 16. Nxe4 Bxe4 17. hxg5 hxg5 18. Re1 Bg6 19. Qd2 Bf6 20. Rac1 Kg7 21. Nh2 Qd7 22. f4 Qf5 23. Rcd1 Rac8 24. fxg5 Bxg5 25. Qe2 Bh5 26. Qxh5 Be3+ 27. Rxe3 Qxh5 28. Bxd6 Nc4 29. Rg3+ Kf6 30. Rf1+ Ke6 31. Bxf8 Kd7 32. Bg7 f5 33. Nf3 Nd6 34. Ne5+ Kc7 35. Rc3+ Kb8 36. Nd7+ Ka7 37. Be5 Rxc3 38. bxc3 Ne4 39. Bd5 1-0

[Event "Oberliga NRW 9596 II"]
[Site "Germany"]
[Date "1996.??.??"]
[Round "?.8"]
[White "Seedorf, Sven"]
[Black "Kleff, Andre"]
[Result "1/2-1/2"]
[WhiteElo "2215"]
[BlackElo "2170"]
[PlyCount "139"]
[EventDate "1995.10.??"]
[EventType "team"]
[EventRounds "9"]
[EventCountry "GER"]
[SourceTitle "GER"]
[Source "ChessBase"]
[SourceDate "1999.07.01"]
[SourceVersion "1"]
[SourceVersionDate "1999.07.01"]
[SourceQuality "1"]
[WhiteTeam "Detmold"]
[BlackTeam "Hochheide"]
[WhiteTeamCountry "GER"]
[BlackTeamCountry "GER"]

1. Nc3 g6 2. e4 Bg7 3. h4 h5 4. d4 c6 5. Bc4 d5 6. exd5 b5 7. Bb3 b4 8. Nce2 cxd5 9. Nf4 Nf6 10. Nge2 a5 11. a3 bxa3 12. Rxa3 e6 13. Nd3 Ne4 14. Bf4 Nc6 15. Ba4 Bd7 16. f3 Nf6 17. Qd2 Bf8 18. Ra1 Nb4 19. Ne5 Bxa4 20. Rxa4 Qb6 21. Bg5 Nd7 22. Nxd7 Kxd7 23. 0-0 Bd6 24. Rfa1 Nc6 25. b3 Rhc8 26. Kh1 Ne7 27. Qd3 Nf5 28. c4 dxc4 29. bxc4 Bc7 30. c5 Qa6 31. Rc4 Ke8 32. d5 Be5 33. Rd1 Kf8 34. g4 hxg4 35. fxg4 Nd6 36. cxd6 Rxc4 37. dxe6 Qc6+ 38. Qd5 Bxd6 39. Bh6+ Ke7 40. exf7 Qxd5+ 41. Rxd5 Ke6 42. Rxd6+ Kxd6 43. f8Q+ Rxf8 44. Bxf8+ Ke6 45. h5 Kf7 46. Bd6 g5 47. Kg2 Rxg4+ 48. Kf3 Rh4 49. Ng3 a4 50. Ke3 Ke6 51. Bf8 Kd5 52. h6 Ke6 53. Ne4 Rh3+ 54. Kd2 Kf5 55. Nc3 a3 56. Bxa3 Rxh6 57. Bc5 Rh2+ 58. Kd3 g4 59. Bd6 Rh3+ 60. Kd2 g3 61. Ne2 g2 62. Ke1 Re3 63. Bh2 Kg4 64. Kf2 Re4 65. Ng1 Ra4 66. Kxg2 Ra2+ 67. Kh1 Rc2 68. Bb8 Rc8 69. Bh2 Rc2 70. Bb8 1/2-1/2

[Event "Oberliga NRW 9495 II"]
[Site "Germany"]
[Date "1995.??.??"]
[Round "6.7"]
[White "Kleff, Andre"]
[Black "Hoenig, Alexander"]
[Result "1/2-1/2"]
[WhiteElo "2170"]
[BlackElo "2280"]
[PlyCount "64"]
[EventDate "1994.10.??"]
[EventType "team"]
[EventRounds "9"]
[EventCountry "GER"]
[SourceTitle "GER"]
[Source "ChessBase"]
[SourceDate "1999.07.01"]
[SourceVersion "1"]
[SourceVersionDate "1999.07.01"]
[SourceQuality "1"]
[WhiteTeam "Hochheide"]
[BlackTeam "Duesseldorf"]
[WhiteTeamCountry "GER"]
[BlackTeamCountry "GER"]

1. d4 d5 2. Nf3 Bf5 3. Bf4 c6 4. e3 Nf6 5. c4 e6 6. Nc3 Be7 7. Qb3 Qc8 8. Rc1 0-0 9. h3 Nbd7 10. Be2 Re8 11. 0-0 Ne4 12. cxd5 Nxc3 13. bxc3 exd5 14. c4 dxc4 15. Bxc4 Bg6 16. Ne5 Nxe5 17. Bxe5 Rd8 18. Rfd1 Bd6 19. Bxd6 Rxd6 20. f3 Qd7 21. a4 b6 22. d5 cxd5 23. Bxd5 Rd8 24. e4 Kf8 25. Rd4 f6 26. Qa3 Qe7 27. Rdc4 R6d7 28. Qxe7+ Kxe7 29. a5 bxa5 30. Ra1 Bf7 31. Rxa5 Bxd5 32. exd5 Rxd5 1/2-1/2

[Event "Oberliga NRW 9596 II"]
[Site "Germany"]
[Date "1995.??.??"]
[Round "?.7"]
[White "Kleff, Andre"]
[Black "Lehmann, Holger"]
[Result "1/2-1/2"]
[WhiteElo "2170"]
[BlackElo "2160"]
[PlyCount "33"]
[EventDate "1995.10.??"]
[EventType "team"]
[EventRounds "9"]
[EventCountry "GER"]
[SourceTitle "GER"]
[Source "ChessBase"]
[SourceDate "1999.07.01"]
[SourceVersion "1"]
[SourceVersionDate "1999.07.01"]
[SourceQuality "1"]
[WhiteTeam "Hochheide"]
[BlackTeam "Wattenscheid"]
[WhiteTeamCountry "GER"]
[BlackTeamCountry "GER"]

1. d4 d5 2. Nf3 c6 3. e3 Nf6 4. Bd3 Nbd7 5. Nbd2 e6 6. 0-0 Bd6 7. e4 dxe4 8. Nxe4 Nxe4 9. Bxe4 Qc7 10. Re1 0-0 11. c3 Re8 12. Bc2 b6 13. Qd3 g6 14. h4 Bb7 15. Ng5 c5 16. h5 Nf8 17. hxg6 1/2-1/2

[Event "Oberliga NRW 9495 II"]
[Site "Germany"]
[Date "1994.??.??"]
[Round "3.7"]
[White "Giese, Reinhard"]
[Black "Kleff, Andre"]
[Result "1-0"]
[WhiteElo "2100"]
[BlackElo "2170"]
[PlyCount "127"]
[EventDate "1994.10.??"]
[EventType "team"]
[EventRounds "9"]
[EventCountry "GER"]
[SourceTitle "GER"]
[Source "ChessBase"]
[SourceDate "1999.07.01"]
[SourceVersion "1"]
[SourceVersionDate "1999.07.01"]
[SourceQuality "1"]
[WhiteTeam "Pulheim"]
[BlackTeam "Hochheide"]
[WhiteTeamCountry "GER"]
[BlackTeamCountry "GER"]

1. d4 f5 2. Bg5 g6 3. e3 Bg7 4. Bd3 d5 5. c4 c6 6. Qb3 Qa5+ 7. Nc3 e6 8. Nf3 Nf6 9. 0-0 0-0 10. Qc2 Nbd7 11. a3 Qd8 12. b4 a6 13. a4 dxc4 14. Bxc4 Nb6 15. Bd3 Nbd5 16. Nxd5 cxd5 17. b5 axb5 18. axb5 Rxa1 19. Rxa1 Bd7 20. Ne5 Qe8 21. Qc5 h6 22. Bh4 g5 23. Bg3 Ne4 24. Bxe4 fxe4 25. Nxd7 Qxd7 26. Rc1 Ra8 27. h3 Bf8 28. Qb6 Rc8 29. Ra1 Re8 30. Ra7 Re7 31. Ra8 Rf7 32. Bd6 Kg7 33. Rd8 Bxd6 34. Rxd7 Rxd7 35. g3 Kf7 36. Qa7 Bf8 37. Qb8 Bg7 38. Kg2 Bf6 39. Kf1 Bg7 40. Ke2 Bf6 41. Kd2 Bg7 42. Kc3 Bf6 43. Kb4 Be7+ 44. Ka4 Bf6 45. Qc8 Re7 46. Ka5 Kg7 47. Qd8 Kf7 48. Kb6 Re8 49. Qd7+ Re7 50. Qc8 Bg7 51. Ka7 Bf6 52. b6 Bg7 53. Qc7 e5 54. Qd6 exd4 55. Qxd5+ Ke8 56. exd4 Rd7 57. Qg8+ Bf8 58. Qg6+ Kd8 59. Qxe4 h5 60. Qg6 Kc8 61. Qxg5 Bd6 62. Qxh5 Bb8+ 63. Ka8 Rxd4 64. Qc5+ 1-0

[Event "Goch op 05th"]
[Site "Goch"]
[Date "1994.??.??"]
[Round "2"]
[White "Schaefer, H."]
[Black "Kleff, Andre"]
[Result "1-0"]
[WhiteElo "1860"]
[BlackElo "2170"]
[PlyCount "83"]
[EventDate "1994.10.??"]
[EventType "swiss"]
[EventRounds "7"]
[EventCountry "GER"]
[SourceTitle "EXT 1998"]
[Source "ChessBase"]
[SourceDate "1997.11.17"]
[SourceVersion "1"]
[SourceVersionDate "1997.11.17"]
[SourceQuality "1"]

1. f4 g6 2. Nf3 Bg7 3. g3 d6 4. e4 c5 5. Bg2 Nc6 6. 0-0 e6 7. d3 Nge7 8. Nc3 Nd4 9. Be3 h5 10. e5 Nef5 11. Bf2 d5 12. Nxd4 Nxd4 13. Na4 b6 14. b4 Bf8 15. c3 Nf5 16. bxc5 b5 17. Nb2 Rb8 18. d4 Be7 19. Qf3 b4 20. Nd1 Ba6 21. Re1 Qa5 22. Ne3 bxc3 23. Nxf5 gxf5 24. Rec1 Bc4 25. Qxc3 Qa6 26. Bf1 Bxf1 27. Rxf1 h4 28. Rfb1 Kd7 29. Rb3 hxg3 30. hxg3 Kc7 31. Ra3 Qe2 32. Rxa7+ Kc8 33. Qa5 Bd8 34. Qa6+ Qxa6 35. Rxa6 Rb2 36. Ra3 Bc7 37. Rb3 Rc2 38. a4 Kd7 39. a5 Rb8 40. Rxb8 Bxb8 41. a6 Ba7 42. Rb1 1-0